28 Ways Not to Have a 'Cow' Quiz Stats

 Plays Quiz Updated Mar 20, 2019

Score 0/28 Timer 01:30
1 Play Today
% Correct
Bow
97.1%
Tow
95.5%
Low
95.4%
Now
95.3%
Sow
95.3%
Mow
95%
How
94.6%
Dow
94.5%
Row
94.4%
Pow
92.9%
Caw
92.2%
Wow
91.8%
Cod
89.4%
Vow
89.1%
% Correct
Cob
89%
Con
87.3%
Cot
86.3%
Yow
85.7%
Cog
85.1%
Jow
84.9%
Cop
84.4%
Cor
79.9%
Col
79%
Cos
79%
Coy
72.4%
Coo
71.4%
Coz
67.8%
Cox
65.8%

You're not logged in!

Compare scores with friends on all Sporcle quizzes.
OR
Log In

Show Comments

Extras

Top Quizzes Today


Score Distribution

Your Account Isn't Verified!

In order to create a playlist on Sporcle, you need to verify the email address you used during registration. Go to your Sporcle Settings to finish the process.

Report this User

Report this user for behavior that violates our Community Guidelines.

Details: